| 000 | 00997nam0a22002651 4500 | ||
|---|---|---|---|
| 001 | rc\4523897 | ||
| 005 | 20250611190806.0 | ||
| 021 |
_aRU _b[60-56495] |
||
| 035 | _a(NLR Aleph) 008352394 | ||
| 090 |
_a8945930 _c8945930 |
||
| 100 | _a20130416d1960 |||y0rusy50 ca | ||
| 101 | 0 | _arus | |
| 102 | _aRU | ||
| 105 | _ay z ||||| | ||
| 200 | 1 |
_aТодор Павлов _e[Ученый, лит. критик и обществ. деятель Болгарии] _fНауч.-исслед. ин-т теории и истории изобразит. искусств Акад. художеств СССР |
|
| 210 |
_aМосква _c[Изд-во Акад. художеств СССР] _d1960 |
||
| 215 |
_a55 с. _d22 |
||
| 300 | _aНа обл. авт. не указан | ||
| 700 | 1 |
_aКалошин _bФ.И. _gФедор Иванович |
|
| 702 | 1 |
_aПавлов _bТ. _gТодор _4570 |
|
| 801 | 0 |
_aRU _bNLR _gpsbo |
|
| 801 | 1 |
_aRU _bELAR _2rusmarc |
|
| 852 |
_aNLR _j60-6/6501 |
||
| 942 | _cBOOK | ||
| 980 | _aNB | ||